Management information systems/

Terry Lucey offers a comprehensive treatment of the principles, application and design of management information systems in both public and private sector organisations. The book also includes assignments, cases and a selection of examination questions

Guardado en:
Detalles Bibliográficos
Autor principal: Lucey, Terry
Formato: Libro
Publicado: New York: Continuum, c1997
Edición:8th ed.
Materias:
Etiquetas: Agregar Etiqueta
Sin Etiquetas, Sea el primero en etiquetar este registro!

MARC

LEADER 00000nam a2200000 4500
005 20251002121757.0
020 |a 0826454070  |c TZS 15,000/= 
040 |a MCCL  |b eng.  |e AACR 2nd rev. ed. 
082 |a 658.4038 LUC 
100 |a Lucey, Terry 
245 |a Management information systems/  |c Terry Lucey. 
250 |a 8th ed. 
260 |a New York:   |b Continuum,   |c c1997 
300 |a v, 282 p.:   |b ill.;  |c 20cm. 
504 |a Includes index  
520 |a Terry Lucey offers a comprehensive treatment of the principles, application and design of management information systems in both public and private sector organisations. The book also includes assignments, cases and a selection of examination questions 
546 |a eng. 
650 |a Business - Data processing 
650 |a  Information technology- Management 
650 |a  System analysis 
942 |c BK 
999 |c 11617  |d 11617